La Delincuencia en la sociedad salvadoreña
Se analizan las causas de la violencia en el Salvador. Entre ellas se sitúan el fantasma de la guerra, la pobreza y el desempleo. A su vez la violencia genera un círculo de problemas sociales, debido a la negativa de inversionistas de asentar sus empresas en un país inseguro, lo que a su vez genera...
Furkejuvvon:
| Materiálatiipa: | Texto |
|---|---|
| Fáttát: | |
| Fáddágilkorat: |
Lasit fáddágilkoriid
Eai fáddágilkorat, Lasit vuosttaš fáddágilkora!
|
MARC
| LEADER | 00000 a a2200000 04500 | ||
|---|---|---|---|
| 001 | 6256 | ||
| 003 | |||
| 040 | |||
| 245 | |a La Delincuencia en la sociedad salvadoreña | ||
| 520 | |a Se analizan las causas de la violencia en el Salvador. Entre ellas se sitúan el fantasma de la guerra, la pobreza y el desempleo. A su vez la violencia genera un círculo de problemas sociales, debido a la negativa de inversionistas de asentar sus empresas en un país inseguro, lo que a su vez genera más desempleo, y por ende pobreza y más violencia. La población salvadoreña considera que se necesitan más recursos humanos en la policía, y leyes y castigos más severos. Mientras tanto, a falta de inversionistas, turismo y como la gente no coopera para resolver el tema de la delincuencia, el panorama es complejo para esta nación centroamericana | ||
| 650 | |a VIOLENCIA | ||
| 650 | |a GUERRA | ||
| 650 | |a TIPOS DE PROBLEMAS SOCIALES | ||
| 650 | |a SANCIONES PENALES | ||
| 650 | |a DERECHO PENAL | ||
| 650 | |a EL SALVADOR | ||
| 773 | |g volumen 19, número 817; páginas 10-11 | ||
| 999 | |c 22748 |d 22748 | ||
